Encyclopediana ou Dictionnaire encyclopédique des Ana : contenant ce qu'on a pu recuillis de moins connu ou de plus curieux... enfin les singularités en quelque sorte de Sciences, des Arts & de la Littérature
Gespeichert in:
MARC
| LEADER | 000000000a22000000004500 | ||
|---|---|---|---|
| 001 | 34151 | ||
| 003 | OSt | ||
| 005 | 20260130102806.0 | ||
| 008 | 160427s fr ||||| |||| 00| 0 fre d | ||
| 040 | |a manes |c manes | ||
| 041 | |a Francés | ||
| 100 | 1 | |a Panckoucke |b imp. |9 19576 | |
| 245 | 0 | 0 | |a Encyclopediana ou Dictionnaire encyclopédique des Ana : contenant ce qu'on a pu recuillis de moins connu ou de plus curieux... enfin les singularités en quelque sorte de Sciences, des Arts & de la Littérature |
| 260 | 3 | |a A Paris |c 1791 | |
| 300 | |a [4], V-VII, [1] en bl., 963 p., [1] en bl. |c 4º | ||
| 500 | |a Errores de páginas, de la página 296 pasa a la 317 y de página 396 a la 377. Texto a dos col. y anteportada. Portada con grab. xil. |a Signatura Topográfica: 1446. Enc. hol. con puntas. Procedente del Instituto-Escuela de Segunda Enseñanza de Madrid. | ||
| 690 | |a FQ |a CN | ||
| 690 | 7 | |a CS | |
| 690 | 0 | |a EA |a MATE |a LEN | |
| 691 | 0 | |a SE | |
| 942 | |2 ddc |c BK | ||
| 546 | |a España | ||
| 999 | |c 41113 |d 41113 | ||
| 999 | |c manes:41113 |d 41113 | ||